00918nam a2200157 a 4500008004100000050002100041110004300062245025900105260005900364300000900423650003600432710006400468995008500532999001700617952012600634120823s2010 ||||||||||||||||| || u aSCECSAL(058)PCSR aInstitute of Development Studies (IDS)10aSCECSAL Pre-Conference Seminar Report: Strengthening information literacy interventions: Using creative approaches to teaching and learningcBY the Institute of Development Studies (IDS) and the Information Training and Outreach Centre for Africa (ITOCA) aGaboronebInstitute of Development Studies (IDS)c2010 a41p. aINFORMATION LITERACY-CONGRESSES aInformation Training and Outreach Centre for Africa (ITOCA) FCBU-MAIN LIBRARY (Kitwe)M1UAVAILABLEWAug 28, 2012ZInternational Publications c57005d57005 00102lcc4070a001b001cInternational Publicationsd2022-11-30l0oSCECSAL(058)PCSRpB138r2022-11-30w2022-11-30y002